[Event "43. Olimpiada Batumi 2018 Femenina"]
[Site "Batumi GEO"]
[Date "2018.09.24"]
[Round "1.3"]
[White "Llaudy Pupo, Lisandra"]
[Black "Al-Fayyadh, Zainab Asif Abdulah"]
[Result "1-0"]
[WhiteElo "2294"]
[BlackElo "1705"]
[PlyCount "125"]
[EventDate "2018.09.24"]
[EventType "team-swiss"]
[EventRounds "11"]
[EventCountry "GEO"]
[SourceTitle "Ajedrez en Madrid"]
[Source "lmi"]
[SourceDate "2018.09.24"]
[WhiteTeam "Cuba"]
[BlackTeam "Iraq"]
[WhiteTeamCountry "CUB"]
[BlackTeamCountry "IRQ"]

1. e4 e5 2. Nf3 Nc6 3. Bc4 Nf6 4. d3 Be7 5. O-O O-O 6. Re1 d6 7. a4 Bg4 8. h3
Bh5 9. c3 h6 10. Nbd2 Nh7 11. a5 a6 12. Qb3 Qd7 13. Bd5 Rab8 14. Qa4 Ng5 15.
Nxg5 Bxg5 16. Nf1 Bxc1 17. Raxc1 Kh8 18. Ne3 Bg6 19. g4 Qe7 20. b4 Nd8 21. Nf5
Bxf5 22. exf5 c6 23. Bg2 Qh4 24. Qd1 f6 25. c4 Nf7 26. Qf3 Ng5 27. Qg3 Qxg3 28.
fxg3 Kg8 29. Rb1 Ra8 30. Ra1 Rfd8 31. Rec1 Rd7 32. b5 d5 33. bxc6 bxc6 34. h4
Nf7 35. cxd5 cxd5 36. Rab1 Raa7 37. Rc5 d4 38. Rb6 Kf8 39. Rcc6 Nd8 40. Rc1 Ke7
41. Rc8 Kf7 42. Bf3 Ke7 43. Kh2 Nb7 44. Re6+ Kf7 45. g5 hxg5 46. Bh5+ g6 47.
Bxg6+ Kg7 48. Ree8 gxh4 49. gxh4 Nd8 50. Rcxd8 Rxd8 51. Rxd8 Rc7 52. Ra8 Rd7
53. Rxa6 e4 54. dxe4 d3 55. Bh5 d2 56. Bd1 Rd4 57. Re6 Rc4 58. Rd6 Rxe4 59.
Rxd2 Rxh4+ 60. Kg3 Rc4 61. Ra2 Rc7 62. a6 Ra7 63. Be2 1-0

[Event "43. Olimpiada Batumi 2018 Femenina"]
[Site "Batumi GEO"]
[Date "2018.09.24"]
[Round "1.4"]
[White "Saba, Jamal Mohammed Abo "]
[Black "Miranda Llanes, Yerisbel"]
[Result "0-1"]
[WhiteElo "1515"]
[BlackElo "2239"]
[PlyCount "82"]
[EventDate "2018.09.24"]
[EventType "team-swiss"]
[EventRounds "11"]
[EventCountry "GEO"]
[SourceTitle "Ajedrez en Madrid"]
[Source "lmi"]
[SourceDate "2018.09.24"]
[WhiteTeam "Iraq"]
[BlackTeam "Cuba"]
[WhiteTeamCountry "IRQ"]
[BlackTeamCountry "CUB"]

1. Nf3 d5 2. g3 c6 3. Bg2 Nf6 4. O-O Bg4 5. d3 Nbd7 6. Nbd2 e6 7. Re1 Be7 8. c3
O-O 9. Qc2 h6 10. b3 Nh7 11. Bb2 Ng5 12. Nxg5 Bxg5 13. e4 dxe4 14. Nxe4 Be7 15.
f3 Bh5 16. c4 Qb6+ 17. Kh1 Rfd8 18. Qc3 e5 19. a3 f5 20. c5 Bxc5 21. Nxc5 Qxc5
22. Qd2 Qd5 23. d4 Bxf3 24. Re3 Bxg2+ 25. Qxg2 Qxg2+ 26. Kxg2 exd4 27. Bxd4 Nf8
28. Bc3 Re8 29. Rae1 Rxe3 30. Rxe3 Kf7 31. Re5 g6 32. Bb4 Ne6 33. Bd2 h5 34.
Kf2 Rd8 35. Ke3 Nd4 36. Ra5 Nxb3 37. Rxa7 Nxd2 38. Rxb7+ Kf6 39. Rc7 Nc4+ 40.
Kf3 Ne5+ 41. Kf4 Rd3 0-1

[Event "43. Olimpiada Batumi 2018 Femenina"]
[Site "Batumi GEO"]
[Date "2018.09.24"]
[Round "1.1"]
[White "Rania, Sbai"]
[Black "Rapport, Jovana"]
[Result "0-1"]
[WhiteElo "1893"]
[BlackElo "2348"]
[PlyCount "64"]
[EventDate "2018.09.24"]
[EventType "team-swiss"]
[EventRounds "11"]
[EventCountry "GEO"]
[SourceTitle "Ajedrez en Madrid"]
[Source "lmi"]
[SourceDate "2018.09.24"]
[WhiteTeam "Morocco"]
[BlackTeam "Serbia"]
[WhiteTeamCountry "MAR"]
[BlackTeamCountry "SRB"]

1. d4 e6 2. c4 f5 3. Nc3 Nf6 4. Nf3 Be7 5. e3 b6 6. Be2 Bb7 7. d5 Bb4 8. dxe6
Bxc3+ 9. bxc3 dxe6 10. Qxd8+ Kxd8 11. Ne5 Ke7 12. c5 bxc5 13. Ba3 Nbd7 14. Nd3
Kf7 15. f3 Nd5 16. Kd2 Ba6 17. Ne5+ Nxe5 18. Bxa6 Rhd8 19. Be2 c4 20. Bc5 Nf4+
21. Bd4 Nxe2 22. Kxe2 Nd3 23. e4 e5 24. Bf2 Nf4+ 25. Kf1 fxe4 26. fxe4 Rd3 27.
g3 Ne6 28. Kg2 Rb8 29. Rhf1 Rb2 30. Kg1 Ke7 31. Be1 Ng5 32. Rf5 Nf3+ 0-1

[Event "43. Olimpiada Batumi 2018 Femenina"]
[Site "Batumi GEO"]
[Date "2018.09.24"]
[Round "1.2"]
[White "Eric, Jovana"]
[Black "Mayar ElIdrissi, Firdaous"]
[Result "1-0"]
[WhiteElo "2261"]
[BlackElo "1797"]
[PlyCount "83"]
[EventDate "2018.09.24"]
[EventType "team-swiss"]
[EventRounds "11"]
[EventCountry "GEO"]
[SourceTitle "Ajedrez en Madrid"]
[Source "lmi"]
[SourceDate "2018.09.24"]
[WhiteTeam "Serbia"]
[BlackTeam "Morocco"]
[WhiteTeamCountry "SRB"]
[BlackTeamCountry "MAR"]

1. e4 c5 2. Nc3 Nc6 3. Nge2 d6 4. d4 cxd4 5. Nxd4 e5 6. Nf3 Be7 7. Bc4 h6 8. h3
Nf6 9. O-O O-O 10. Qe2 a6 11. Rd1 Qc7 12. Be3 b5 13. Nd5 Nxd5 14. Bxd5 Be6 15.
c4 Bxd5 16. exd5 Na7 17. Bxa7 Qxa7 18. cxb5 axb5 19. Qxb5 f5 20. Qe2 Bf6 21.
Nd2 Bh4 22. Nc4 Rf6 23. Ne3 Raf8 24. Qc2 h5 25. a4 f4 26. Nf1 g5 27. Nh2 Qg7
28. Nf3 Re8 29. Qe4 Qe7 30. a5 Kg7 31. a6 Qa7 32. Rd2 Rg6 33. Rc2 Bg3 34. Kf1
g4 35. fxg3 gxf3 36. gxf3 fxg3 37. Kg2 Rc8 38. Ra4 Rxc2+ 39. Qxc2 Kh6 40. Qe2
Qd7 41. Rb4 Qf7 42. Qe3+ 1-0

[Event "43. Olimpiada Batumi 2018 Femenina"]
[Site "Batumi GEO"]
[Date "2018.09.24"]
[Round "1.3"]
[White "Makhlouf, Ahlam"]
[Black "Injac, Teodora"]
[Result "0-1"]
[WhiteElo "1408"]
[BlackElo "2241"]
[PlyCount "50"]
[EventDate "2018.09.24"]
[EventType "team-swiss"]
[EventRounds "11"]
[EventCountry "GEO"]
[SourceTitle "Ajedrez en Madrid"]
[Source "lmi"]
[SourceDate "2018.09.24"]
[WhiteTeam "Morocco"]
[BlackTeam "Serbia"]
[WhiteTeamCountry "MAR"]
[BlackTeamCountry "SRB"]

1. e4 e6 2. d4 d5 3. exd5 exd5 4. Nf3 Nf6 5. Bd3 c5 6. O-O c4 7. Re1+ Be7 8.
Bf1 O-O 9. h3 Nc6 10. Nc3 Bf5 11. Bg5 h6 12. Bh4 a6 13. Ne5 Rc8 14. Rc1 Re8 15.
b3 g5 16. Bg3 cxb3 17. cxb3 Ba3 18. Qd2 Bxc1 19. Rxc1 Qb6 20. Nxc6 Qxc6 21. Be5
Nd7 22. f4 f6 23. g4 Be4 24. fxg5 fxe5 25. gxh6 exd4 0-1

[Event "43. Olimpiada Batumi 2018 Femenina"]
[Site "Batumi GEO"]
[Date "2018.09.24"]
[Round "1.4"]
[White "Gajcin, Marina"]
[Black "Ibrahimi, Khadija"]
[Result "1-0"]
[WhiteElo "2170"]
[BlackElo "1531"]
[PlyCount "75"]
[EventDate "2018.09.24"]
[EventType "team-swiss"]
[EventRounds "11"]
[EventCountry "GEO"]
[SourceTitle "Ajedrez en Madrid"]
[Source "lmi"]
[SourceDate "2018.09.24"]
[WhiteTeam "Serbia"]
[BlackTeam "Morocco"]
[WhiteTeamCountry "SRB"]
[BlackTeamCountry "MAR"]

1. e4 e5 2. Nf3 Nc6 3. Bc4 Bc5 4. c3 Nf6 5. d3 d6 6. Bb3 a6 7. Nbd2 Ba7 8. Nf1
h6 9. Ng3 Ne7 10. O-O Ng6 11. h3 O-O 12. d4 Be6 13. Be3 Nh7 14. Qd2 Nh4 15.
Nxh4 Qxh4 16. dxe5 Bxe3 17. Qxe3 Bxb3 18. axb3 dxe5 19. Qc5 Rfe8 20. Qxc7 Qe7
21. Qxe7 Rxe7 22. Rfd1 g6 23. Rd6 Ng5 24. Ra5 Kg7 25. h4 Nh7 26. Nf1 Nf6 27.
Nd2 Ne8 28. Rdd5 f6 29. Nc4 Nc7 30. Rd2 Nb5 31. Ra1 Rc8 32. Rad1 Rcc7 33. Ne3
Rf7 34. g4 g5 35. Nf5+ Kh7 36. Kg2 b6 37. Rh1 gxh4 38. Rxh4 1-0

[Event "43. Olimpiada Batumi 2018 Femenina"]
[Site "Batumi GEO"]
[Date "2018.09.24"]
[Round "1.1"]
[White "Ozturk, Kubra"]
[Black "Caxita, Esperanca"]
[Result "1-0"]
[WhiteElo "2345"]
[BlackElo "1803"]
[PlyCount "81"]
[EventDate "2018.09.24"]
[EventType "team-swiss"]
[EventRounds "11"]
[EventCountry "GEO"]
[SourceTitle "Ajedrez en Madrid"]
[Source "lmi"]
[SourceDate "2018.09.24"]
[WhiteTeam "Turkey"]
[BlackTeam "Angola"]
[WhiteTeamCountry "TUR"]
[BlackTeamCountry "ANG"]

1. d4 d5 2. c4 c6 3. Nc3 Nf6 4. e3 e6 5. Nf3 a6 6. b3 Bb4 7. Bd2 Nbd7 8. Bd3
Qe7 9. O-O O-O 10. Qc2 Re8 11. Ne5 Nxe5 12. dxe5 Ng4 13. f4 Bc5 14. Rae1 g6 15.
Nd1 Bd7 16. h3 Nh6 17. Nf2 Rad8 18. Rb1 Bc8 19. b4 dxc4 20. bxc5 cxd3 21. Nxd3
Nf5 22. Nf2 Ng3 23. Rfd1 f5 24. exf6 Qxf6 25. Ng4 Qg7 26. Kh2 Nh5 27. Bc3 Qf8
28. Be5 Rd5 29. Bd6 Qg7 30. e4 Rxd1 31. Rxd1 Nf6 32. Ne3 Rd8 33. g4 Ne8 34. e5
Qf7 35. Qe4 Nc7 36. f5 exf5 37. gxf5 Nd5 38. e6 Bxe6 39. fxe6 Qf2+ 40. Ng2 Nc3
41. e7 1-0

[Event "43. Olimpiada Batumi 2018 Femenina"]
[Site "Batumi GEO"]
[Date "2018.09.24"]
[Round "1.2"]
[White "Pires, Luzia"]
[Black "Yildiz Kadioglu, Betul Cemre"]
[Result "0-1"]
[WhiteElo "1729"]
[BlackElo "2287"]
[PlyCount "104"]
[EventDate "2018.09.24"]
[EventType "team-swiss"]
[EventRounds "11"]
[EventCountry "GEO"]
[SourceTitle "Ajedrez en Madrid"]
[Source "lmi"]
[SourceDate "2018.09.24"]
[WhiteTeam "Angola"]
[BlackTeam "Turkey"]
[WhiteTeamCountry "ANG"]
[BlackTeamCountry "TUR"]

1. e4 c5 2. Nf3 Nf6 3. Nc3 d5 4. exd5 Nxd5 5. Ne4 e6 6. Bb5+ Bd7 7. Bxd7+ Nxd7
8. O-O Be7 9. d3 O-O 10. b3 Bf6 11. Nxf6+ Qxf6 12. Bg5 Qf5 13. c4 Nb4 14. d4 f6
15. Be3 Nc2 16. Rc1 Nxe3 17. fxe3 Qe4 18. Re1 Rad8 19. Qc2 Qc6 20. Rcd1 Nb6 21.
Rd2 Rd7 22. Red1 Rfd8 23. Kf1 a5 24. dxc5 Qxc5 25. Rxd7 Rxd7 26. Rxd7 Nxd7 27.
Qe4 Qb6 28. Nd4 Nc5 29. Qg4 Qd6 30. Qh5 g6 31. Qh3 f5 32. Qf3 e5 33. Nc2 Ne4
34. Kg1 Qd2 35. Na1 Qe1+ 36. Qf1 Qxe3+ 37. Kh1 Nf2+ 38. Kg1 Nd1+ 39. Kh1 Qc1
40. h3 Qxa1 41. Kh2 Qd4 42. Qe1 Qf4+ 43. Kh1 Ne3 44. Qd2 Qh2+ 45. Kxh2 Nf1+ 46.
Kg1 Nxd2 47. Kf2 Kf7 48. Ke3 Ne4 49. g4 Ke6 50. a3 fxg4 51. Kxe4 gxh3 52. Kf3
e4+ 0-1

[Event "43. Olimpiada Batumi 2018 Femenina"]
[Site "Batumi GEO"]
[Date "2018.09.24"]
[Round "1.3"]
[White "Arda, Cagil Irmak"]
[Black "Junior, Ednasia"]
[Result "1-0"]
[WhiteElo "2096"]
[BlackElo "1725"]
[PlyCount "51"]
[EventDate "2018.09.24"]
[EventType "team-swiss"]
[EventRounds "11"]
[EventCountry "GEO"]
[SourceTitle "Ajedrez en Madrid"]
[Source "lmi"]
[SourceDate "2018.09.24"]
[WhiteTeam "Turkey"]
[BlackTeam "Angola"]
[WhiteTeamCountry "TUR"]
[BlackTeamCountry "ANG"]

1. e4 c5 2. Nf3 e6 3. d4 cxd4 4. Nxd4 a6 5. c4 Nf6 6. Nc3 Bb4 7. Qd3 Qc7 8. Be2
Nc6 9. O-O Bxc3 10. bxc3 O-O 11. f4 e5 12. Nf5 Re8 13. c5 exf4 14. Nd6 Re6 15.
Bxf4 Ne5 16. Qd4 Nc6 17. Qf2 Ne5 18. Nc4 Qb8 19. Nxe5 Rxe5 20. Bd3 d6 21. cxd6
Qxd6 22. Bxe5 Qxe5 23. Qd4 Qxd4+ 24. cxd4 b5 25. Rac1 Be6 26. d5 1-0

[Event "43. Olimpiada Batumi 2018 Femenina"]
[Site "Batumi GEO"]
[Date "2018.09.24"]
[Round "1.4"]
[White "Gabriel, Irineia G"]
[Black "Okuyaz, Duru"]
[Result "0-1"]
[WhiteElo "1652"]
[BlackElo "2108"]
[PlyCount "108"]
[EventDate "2018.09.24"]
[EventType "team-swiss"]
[EventRounds "11"]
[EventCountry "GEO"]
[SourceTitle "Ajedrez en Madrid"]
[Source "lmi"]
[SourceDate "2018.09.24"]
[WhiteTeam "Angola"]
[BlackTeam "Turkey"]
[WhiteTeamCountry "ANG"]
[BlackTeamCountry "TUR"]

1. e4 e6 2. d4 d5 3. Nd2 a6 4. c3 c5 5. Bd3 Nc6 6. Ne2 cxd4 7. cxd4 dxe4 8.
Nxe4 Bb4+ 9. N4c3 Nf6 10. h3 O-O 11. Bc2 b5 12. O-O Bb7 13. a3 Bxc3 14. bxc3
Na5 15. f3 Qd5 16. Bf4 Nc4 17. Qe1 Nh5 18. Qh4 g6 19. Bh6 Rfc8 20. g4 Ng7 21.
Be4 Qd7 22. Ng3 Nd6 23. Bxb7 Qxb7 24. Bf4 Nge8 25. Ne2 Rc4 26. Qg3 Nc8 27. h4
Ne7 28. h5 Nd5 29. Bd2 Rac8 30. hxg6 hxg6 31. Rf2 a5 32. Rh2 f6 33. Kf2 Ng7 34.
Rah1 Kf7 35. Rh7 Rg8 36. Qh3 g5 37. Qh5+ Kf8 38. Qh6 b4 39. axb4 axb4 40. cxb4
Rc2 41. Rd1 Qb5 42. Qg6 Qxe2+ 43. Kxe2 Nf4+ 44. Ke1 Nxg6 45. Rh1 Kf7 46. Rb1
Nf4 47. Kd1 Rc4 48. b5 Rxd4 49. b6 Rb8 50. Ke1 Rd6 51. Be3 Ng2+ 52. Ke2 Nxe3
53. Kxe3 Rdxb6 54. Ra1 Rb2 0-1

[Event "43. Olimpiada Batumi 2018 Femenina"]
[Site "Batumi GEO"]
[Date "2018.09.24"]
[Round "1.1"]
[White "Barrett, Ariel"]
[Black "Kalaiyalahan, Akshaya"]
[Result "0-1"]
[WhiteElo "1701"]
[BlackElo "2253"]
[PlyCount "68"]
[EventDate "2018.09.24"]
[EventType "team-swiss"]
[EventRounds "11"]
[EventCountry "GEO"]
[SourceTitle "Ajedrez en Madrid"]
[Source "lmi"]
[SourceDate "2018.09.24"]
[WhiteTeam "Jamaica"]
[BlackTeam "England"]
[WhiteTeamCountry "JAM"]
[BlackTeamCountry "ENG"]

1. c4 g6 2. d4 Nf6 3. Nc3 Bg7 4. e4 d6 5. Nf3 O-O 6. Be2 e5 7. O-O Nc6 8. d5
Ne7 9. Ne1 Nd7 10. Be3 f5 11. f3 f4 12. Bf2 h5 13. b4 g5 14. c5 Nf6 15. cxd6
cxd6 16. Rc1 g4 17. Nb5 b6 18. Nc7 Rb8 19. Ne6 Bxe6 20. dxe6 d5 21. exd5 Nexd5
22. Qa4 Qe7 23. Rc6 Nxb4 24. Rc4 Nbd5 25. Rc6 Rbc8 26. Nd3 Nc3 27. Rxc3 Rxc3
28. Nxe5 Qxe6 29. Bc4 Rxc4 30. Nxc4 gxf3 31. Re1 Qg4 32. Bg3 fxg3 33. hxg3 Qxg3
34. Qc2 Qxe1+ 0-1

[Event "43. Olimpiada Batumi 2018 Femenina"]
[Site "Batumi GEO"]
[Date "2018.09.24"]
[Round "1.2"]
[White "Ciuksyte, Dagne"]
[Black "Miller, Rachel"]
[Result "1-0"]
[WhiteElo "2308"]
[BlackElo "1859"]
[PlyCount "79"]
[EventDate "2018.09.24"]
[EventType "team-swiss"]
[EventRounds "11"]
[EventCountry "GEO"]
[SourceTitle "Ajedrez en Madrid"]
[Source "lmi"]
[SourceDate "2018.09.24"]
[WhiteTeam "England"]
[BlackTeam "Jamaica"]
[WhiteTeamCountry "ENG"]
[BlackTeamCountry "JAM"]

1. e4 e5 2. Nf3 Nc6 3. Bb5 a6 4. Ba4 Nf6 5. O-O b5 6. Bb3 Be7 7. Re1 O-O 8. h3
d6 9. c3 Na5 10. Bc2 c5 11. d4 Qc7 12. Nbd2 Nc6 13. d5 Nd8 14. b3 Ne8 15. Nf1
f6 16. a4 Rb8 17. Ne3 g6 18. g4 Nf7 19. Kh2 Ng7 20. Rg1 Bd7 21. h4 Kh8 22. Rg3
Rg8 23. Bd2 Rbf8 24. Qe2 Qc8 25. Rag1 f5 26. exf5 gxf5 27. gxf5 Nh6 28. axb5
axb5 29. Ng5 Ngxf5 30. Nxf5 Bxf5 31. Ne6 Rxg3 32. Rxg3 Bxh4 33. Bxh6 Bxg3+ 34.
fxg3 Bxc2 35. Bxf8 Bf5 36. Bxd6 Bxe6 37. Qxe5+ Kg8 38. dxe6 c4 39. Qg5+ Kh8 40.
Be5# 1-0

[Event "43. Olimpiada Batumi 2018 Femenina"]
[Site "Batumi GEO"]
[Date "2018.09.24"]
[Round "1.3"]
[White "Clarke, Adani"]
[Black "Head, Louise"]
[Result "0-1"]
[WhiteElo "1643"]
[BlackElo "2161"]
[PlyCount "94"]
[EventDate "2018.09.24"]
[EventType "team-swiss"]
[EventRounds "11"]
[EventCountry "GEO"]
[SourceTitle "Ajedrez en Madrid"]
[Source "lmi"]
[SourceDate "2018.09.24"]
[WhiteTeam "Jamaica"]
[BlackTeam "England"]
[WhiteTeamCountry "JAM"]
[BlackTeamCountry "ENG"]

1. d4 d5 2. c4 dxc4 3. e3 Nf6 4. Bxc4 e6 5. Nf3 a6 6. Nc3 b5 7. Bd3 c5 8. dxc5
Bxc5 9. O-O Bb7 10. Ng5 Nbd7 11. b3 Be7 12. Nge4 b4 13. Nxf6+ Bxf6 14. Ne4 Bxa1
15. Nd6+ Ke7 16. Nxb7 Qb6 17. Be4 f5 18. Bf3 Ne5 19. e4 Nxf3+ 20. gxf3 Qxb7 21.
exf5 Qd5 22. Qc2 Rac8 23. Qb1 Bf6 24. fxe6 Rc6 25. Be3 Qxf3 26. Qd3 Qg4+ 27.
Kh1 Qxe6 28. Re1 Kf7 29. Bd2 Qd6 30. Qe3 Rd8 31. Bc1 Qd5+ 32. f3 Re6 33. Qxe6+
Qxe6 34. Rxe6 Kxe6 35. Be3 Rd3 36. Bc5 Bc3 37. a3 bxa3 38. Bxa3 Rxf3 39. Kg2
Rd3 40. Bf8 Kf5 41. b4 Be5 42. h4 Kf4 43. Be7 Rd2+ 44. Kf1 Kf3 45. Ke1 Bc3 46.
Bg5 Rd5+ 47. Kf1 Rd1# 0-1

[Event "43. Olimpiada Batumi 2018 Femenina"]
[Site "Batumi GEO"]
[Date "2018.09.24"]
[Round "1.4"]
[White "Maroroa, Sue"]
[Black "Williams, Margoe"]
[Result "1-0"]
[WhiteElo "2112"]
[BlackElo "1617"]
[PlyCount "89"]
[EventDate "2018.09.24"]
[EventType "team-swiss"]
[EventRounds "11"]
[EventCountry "GEO"]
[SourceTitle "Ajedrez en Madrid"]
[Source "lmi"]
[SourceDate "2018.09.24"]
[WhiteTeam "England"]
[BlackTeam "Jamaica"]
[WhiteTeamCountry "ENG"]
[BlackTeamCountry "JAM"]

1. e4 c5 2. Nf3 e6 3. c3 d5 4. exd5 Qxd5 5. d4 cxd4 6. cxd4 Nc6 7. Nc3 Qd8 8.
Bb5 Bd7 9. O-O Nf6 10. d5 exd5 11. Nxd5 Be7 12. Nxe7 Nxe7 13. Bc4 O-O 14. Bg5
Ng6 15. Bxf6 gxf6 16. Qb3 Bc6 17. Rad1 Qc7 18. Nd4 Rac8 19. Nxc6 Qxc6 20. Rc1
Qd7 21. Rfd1 Qe7 22. Re1 Qd7 23. Rc3 Kh8 24. Rd3 Qc7 25. Bd5 b6 26. Rc3 Qd7 27.
Rxc8 Rxc8 28. Bxf7 Qd2 29. Qe6 Kg7 30. Bxg6 hxg6 31. Qe7+ Kh6 32. g3 Qxb2 33.
Re4 Qc1+ 34. Kg2 Qc6 35. f3 g5 36. h4 Rc7 37. hxg5+ Kg6 38. Qf8 Qc2+ 39. Kh3
Rh7+ 40. Kg4 Qc6 41. Qg8+ Rg7 42. Qe6 Qc3 43. Rf4 Rf7 44. Rxf6+ Kg7 45. Qf5 1-0

[Event "43. Olimpiada Batumi 2018 Femenina"]
[Site "Batumi GEO"]
[Date "2018.09.24"]
[Round "1.1"]
[White "Olsarova, Karolina"]
[Black "Francis, Onkemetse"]
[Result "1-0"]
[WhiteElo "2303"]
[BlackElo "1779"]
[PlyCount "47"]
[EventDate "2018.09.24"]
[EventType "team-swiss"]
[EventRounds "11"]
[EventCountry "GEO"]
[SourceTitle "Ajedrez en Madrid"]
[Source "lmi"]
[SourceDate "2018.09.24"]
[WhiteTeam "Czech Republic"]
[BlackTeam "Botswana"]
[WhiteTeamCountry "CZE"]
[BlackTeamCountry "BOT"]

1. e4 e5 2. Nf3 Nc6 3. Bc4 Bc5 4. c3 Nf6 5. d3 d6 6. Bb3 h6 7. Nbd2 O-O 8. h3
Bb6 9. O-O Re8 10. Re1 d5 11. exd5 Nxd5 12. Nc4 f6 13. d4 e4 14. Nfd2 f5 15. f3
Kh8 16. fxe4 fxe4 17. Rxe4 Nf6 18. Rxe8+ Qxe8 19. Nf3 Bf5 20. Qf1 Qe4 21. Bd2
Na5 22. Nxa5 Bxa5 23. Ne5 Kh7 24. Re1 1-0

[Event "43. Olimpiada Batumi 2018 Femenina"]
[Site "Batumi GEO"]
[Date "2018.09.24"]
[Round "1.2"]
[White "Botlhole, Kgalalelo"]
[Black "Petrova, Kristyna"]
[Result "0-1"]
[WhiteElo "1719"]
[BlackElo "2248"]
[PlyCount "52"]
[EventDate "2018.09.24"]
[EventType "team-swiss"]
[EventRounds "11"]
[EventCountry "GEO"]
[SourceTitle "Ajedrez en Madrid"]
[Source "lmi"]
[SourceDate "2018.09.24"]
[WhiteTeam "Botswana"]
[BlackTeam "Czech Republic"]
[WhiteTeamCountry "BOT"]
[BlackTeamCountry "CZE"]

1. c4 Nf6 2. Nf3 g6 3. d4 Bg7 4. g3 d5 5. Bg2 dxc4 6. Ne5 c5 7. Qa4+ Nfd7 8.
Qxc4 Nxe5 9. dxe5 Bxe5 10. Qxc5 Nd7 11. Qb4 a5 12. Qb5 Qb6 13. Na3 O-O 14. O-O
Qxb5 15. Nxb5 Nb6 16. f4 Bd7 17. Nc3 Bd4+ 18. e3 Bg7 19. Bxb7 Rab8 20. Bg2 Nc4
21. Nd5 Rfe8 22. Nc7 Rec8 23. Nd5 Kf8 24. Rd1 Bc6 25. e4 Nxb2 26. Bxb2 Bxb2 0-1

[Event "43. Olimpiada Batumi 2018 Femenina"]
[Site "Batumi GEO"]
[Date "2018.09.24"]
[Round "1.3"]
[White "Novosadova, Kristyna"]
[Black "Ndachipiwa, Kgomotso"]
[Result "1-0"]
[WhiteElo "2231"]
[BlackElo "1611"]
[PlyCount "97"]
[EventDate "2018.09.24"]
[EventType "team-swiss"]
[EventRounds "11"]
[EventCountry "GEO"]
[SourceTitle "Ajedrez en Madrid"]
[Source "lmi"]
[SourceDate "2018.09.24"]
[WhiteTeam "Czech Republic"]
[BlackTeam "Botswana"]
[WhiteTeamCountry "CZE"]
[BlackTeamCountry "BOT"]

1. e4 e5 2. Nf3 Nf6 3. Nxe5 d6 4. Nf3 Nxe4 5. Nc3 Nxc3 6. dxc3 Be7 7. Bf4 Bf5
8. Nd4 Bg6 9. Qf3 c6 10. O-O-O O-O 11. h4 Bxh4 12. Bxd6 Bg5+ 13. Bf4 Bxf4+ 14.
Qxf4 Nd7 15. Nf5 Qf6 16. Rxd7 Bxf5 17. Rxb7 Qg6 18. Bd3 Bxd3 19. cxd3 Qxd3 20.
Rd1 Qa6 21. Rdd7 Qf1+ 22. Kc2 Qe2+ 23. Kb3 Qe6+ 24. Qc4 Qf6 25. a4 Qxf2 26.
Qxc6 Rac8 27. Qf3 Qxf3 28. gxf3 Rb8 29. a5 a6 30. c4 h5 31. Rxb8 Rxb8+ 32. Kc3
h4 33. Rd4 g5 34. Rg4 f6 35. f4 Kf7 36. fxg5 fxg5 37. Rxg5 Rh8 38. Rg2 h3 39.
Rh2 Rh5 40. Kd4 Ke6 41. b3 Kd7 42. Ke4 Kc6 43. Kf4 Rxa5 44. Rxh3 Ra3 45. Ke4
Kc5 46. b4+ Kxb4 47. Rxa3 Kxa3 48. c5 a5 49. c6 1-0

[Event "43. Olimpiada Batumi 2018 Femenina"]
[Site "Batumi GEO"]
[Date "2018.09.24"]
[Round "1.4"]
[White "Besa, Masaiti"]
[Black "Sikorova, Olga"]
[Result "0-1"]
[WhiteElo "1777"]
[BlackElo "2276"]
[PlyCount "104"]
[EventDate "2018.09.24"]
[EventType "team-swiss"]
[EventRounds "11"]
[EventCountry "GEO"]
[SourceTitle "Ajedrez en Madrid"]
[Source "lmi"]
[SourceDate "2018.09.24"]
[WhiteTeam "Botswana"]
[BlackTeam "Czech Republic"]
[WhiteTeamCountry "BOT"]
[BlackTeamCountry "CZE"]

1. d4 Nf6 2. Bg5 g6 3. Bxf6 exf6 4. e3 Bg7 5. Nf3 O-O 6. Be2 b6 7. c4 Bb7 8.
Nc3 f5 9. O-O Re8 10. Rc1 d6 11. a3 Nd7 12. Qb3 h5 13. Rfd1 h4 14. d5 Nc5 15.
Qc2 Ne4 16. Nxe4 fxe4 17. Nd4 Qg5 18. g3 Be5 19. Qxe4 hxg3 20. hxg3 Bxg3 21.
Qg2 Bh4 22. Qxg5 Bxg5 23. Kg2 Bf6 24. b4 a5 25. b5 Kg7 26. Bg4 Re4 27. Bf3 Rh4
28. Rh1 Rah8 29. Rxh4 Rxh4 30. Rh1 Rxh1 31. Kxh1 Bxd4 32. exd4 Kh6 33. Kg2 Kg5
34. Kg3 f5 35. Be2 f4+ 36. Kf3 Bc8 37. Bf1 Bg4+ 38. Ke4 Bd1 39. c5 Bc2+ 40. Kf3
Bb1 41. cxb6 cxb6 42. Bh3 Bf5 43. Bf1 Bc2 44. Bh3 Kh4 45. Bd7 g5 46. Bc8 Bd3
47. Bd7 Bf1 48. Be8 Bh3 49. Bc6 Bg4+ 50. Kg2 f3+ 51. Kh2 Bf5 52. Be8 Kg4 0-1

[Event "43. Olimpiada Batumi 2018 Femenina"]
[Site "Batumi GEO"]
[Date "2018.09.24"]
[Round "1.1"]
[White "Granados Diaz, Maria Esther"]
[Black "Botsari, Anna-Maria"]
[Result "0-1"]
[WhiteElo "1817"]
[BlackElo "2252"]
[PlyCount "54"]
[EventDate "2018.09.24"]
[EventType "team-swiss"]
[EventRounds "11"]
[EventCountry "GEO"]
[SourceTitle "Ajedrez en Madrid"]
[Source "lmi"]
[SourceDate "2018.09.24"]
[WhiteTeam "Nicaragua"]
[BlackTeam "Greece"]
[WhiteTeamCountry "NCA"]
[BlackTeamCountry "GRE"]

1. e4 c5 2. d4 cxd4 3. c3 dxc3 4. Nxc3 Nc6 5. Bc4 e6 6. Nf3 a6 7. O-O b5 8. Bb3
Bb7 9. Qe2 Nge7 10. Rd1 Ng6 11. Be3 Na5 12. Bc2 Be7 13. Nd4 Nc4 14. Bc1 Rc8 15.
a4 b4 16. Na2 O-O 17. Kh1 Qc7 18. b3 Na5 19. Bd3 Bf6 20. Bb2 Qb6 21. Bc2 d5 22.
Rac1 dxe4 23. Bxe4 Bxe4 24. Qxe4 Rxc1 25. Nxc1 Rd8 26. Rd3 Nb7 27. Qc6 Bxd4 0-1

[Event "43. Olimpiada Batumi 2018 Femenina"]
[Site "Batumi GEO"]
[Date "2018.09.24"]
[Round "1.2"]
[White "Tsolakidou, Stavroula"]
[Black "Leon Sandoval, Johan"]
[Result "1-0"]
[WhiteElo "2393"]
[BlackElo "1708"]
[PlyCount "69"]
[EventDate "2018.09.24"]
[EventType "team-swiss"]
[EventRounds "11"]
[EventCountry "GEO"]
[SourceTitle "Ajedrez en Madrid"]
[Source "lmi"]
[SourceDate "2018.09.24"]
[WhiteTeam "Greece"]
[BlackTeam "Nicaragua"]
[WhiteTeamCountry "GRE"]
[BlackTeamCountry "NCA"]

1. d4 Nf6 2. c4 g6 3. Nc3 Bg7 4. e4 d6 5. Be2 O-O 6. Bg5 Nbd7 7. Qd2 c5 8. Nf3
cxd4 9. Nxd4 a5 10. f3 Re8 11. O-O Nc5 12. Ndb5 Bd7 13. Be3 b6 14. b3 Bc6 15.
Rab1 Nfd7 16. Rfd1 Qb8 17. Bf1 Qb7 18. Nd4 Ne5 19. Nd5 e6 20. Nc3 Rad8 21. a3
f5 22. exf5 exf5 23. Nxc6 Nxc6 24. b4 axb4 25. axb4 Ne6 26. Nb5 Be5 27. f4 Bg7
28. Nxd6 Qc7 29. Nxe8 Rxd2 30. Nxc7 Rxd1 31. Rxd1 Nxc7 32. Bxb6 Ne6 33. Rd6
Ncd4 34. c5 Nxf4 35. c6 1-0